Biographia Literaria : (Record no. 12875)
[ view plain ]
| 000 -LEADER | |
|---|---|
| fixed length control field | 01358cam a22003371 4500 |
| 001 - CONTROL NUMBER | |
| control field | 9707748 |
| 003 - CONTROL NUMBER IDENTIFIER | |
| control field | EG-ScBUE |
| 005 - DATE AND TIME OF LATEST TRANSACTION | |
| control field | 20210517092852.0 |
| 008 - FIXED-LENGTH DATA ELEMENTS--GENERAL INFORMATION | |
| fixed length control field | 770628s2004 ii f b 000 0 eng d |
| 020 ## - INTERNATIONAL STANDARD BOOK NUMBER | |
| International Standard Book Number | 8175811161 |
| 035 ## - SYSTEM CONTROL NUMBER | |
| System control number | (OCoLC)3079161 |
| 040 ## - CATALOGING SOURCE | |
| Original cataloging agency | DLC |
| Language of cataloging | eng |
| Description conventions | rda |
| Transcribing agency | PCvA |
| Modifying agency | OCoLC |
| -- | DLC |
| -- | EG-ScBUE |
| 082 04 - DEWEY DECIMAL CLASSIFICATION NUMBER | |
| Classification number | 821.7 |
| Item number | COL |
| Edition number | 22 |
| 100 1# - MAIN ENTRY--PERSONAL NAME | |
| Personal name | Coleridge, Samuel Taylor, |
| Dates associated with a name | 1772-1834, |
| Relator term | author. |
| 9 (RLIN) | 9200 |
| 245 10 - TITLE STATEMENT | |
| Title | Biographia Literaria : |
| Remainder of title | edited with a critical introduction, the text, notes and eplanations, questions and answers / |
| Statement of responsibility, etc | Samuel Taylor Coleridge ; Dr. Raghukul Tilak, M.A., Ph.D. formerly head, Department of English, Meerut College. |
| 250 ## - EDITION STATEMENT | |
| Edition statement | Twentieth edition. |
| 264 #1 - PUBLICATION, DISTRIBUTION, ETC. (IMPRINT) | |
| Place of publication, distribution, etc | New Delhi : |
| Name of publisher, distributor, etc | Rama Brothers India Pvt. Ltd., |
| Date of publication, distribution, etc | 2004. |
| 300 ## - PHYSICAL DESCRIPTION | |
| Extent | ix, 206 pages ; |
| Other physical details | 21 cm |
| 336 ## - CONTENT TYPE | |
| Source | rdacontent |
| Content type term | text |
| Content type code | txt |
| 337 ## - MEDIA TYPE | |
| Source | rdamedia |
| Media type term | unmediated |
| Media type code | n |
| 338 ## - CARRIER TYPE | |
| Source | rdacarrier |
| Carrier type term | volume |
| Carrier type code | nc |
| 500 ## - GENERAL NOTE | |
| General note | "First published in this edition, 1906; reprinted ... 1934." |
| 504 ## - BIBLIOGRAPHY, ETC. NOTE | |
| Bibliography, etc | Includes bibliographical references. |
| 600 17 - SUBJECT ADDED ENTRY--PERSONAL NAME | |
| 9 (RLIN) | 9197 |
| Personal name | Coleridge, Samuel Taylor, |
| Dates associated with a name | 1772-1834, |
| General subdivision | Aesthetics. |
| Source of heading or term | BUEsh |
| 650 #7 - SUBJECT ADDED ENTRY--TOPICAL TERM | |
| 9 (RLIN) | 9198 |
| Topical term or geographic name as entry element | Criticism |
| Geographic subdivision | England. |
| Source of heading or term | BUEsh |
| 650 #7 - SUBJECT ADDED ENTRY--TOPICAL TERM | |
| 9 (RLIN) | 9199 |
| Topical term or geographic name as entry element | English poetry |
| General subdivision | History and criticism |
| -- | Theory, etc. |
| Source of heading or term | BUEsh |
| 651 ## - SUBJECT ADDED ENTRY--GEOGRAPHIC NAME | |
| Source of heading or term | BUEsh |
| 653 ## - INDEX TERM--UNCONTROLLED | |
| Resource For college | Humanities: English |
| Arrived date list | May2021 |
| 655 ## - INDEX TERM--GENRE/FORM | |
| Form subdivision | Reading book |
| 9 (RLIN) | 34232 |
| 942 ## - ADDED ENTRY ELEMENTS (KOHA) | |
| Source of classification or shelving scheme | Dewey Decimal Classification |
| Koha item type | Book - Borrowing |
| Withdrawn status | Lost status | Source of classification or shelving scheme | Damaged status | Not for loan | Collection code | Home library | Current library | Shelving location | Date acquired | Source of acquisition | Total Checkouts | Total Renewals | Full call number | Barcode | Date last seen | Date checked out | Price effective from | Koha item type |
|---|---|---|---|---|---|---|---|---|---|---|---|---|---|---|---|---|---|---|
| Dewey Decimal Classification | Baccah | Central Library | Central Library | Second Floor | 05/11/2009 | 1 | 7 | 821.7 COL | 000018661 | 15/07/2025 | 13/12/2011 | 05/11/2009 | Book - Borrowing |